| 000 | 01100cab a22002175a 4500 | ||
|---|---|---|---|
| 001 | L136897 | ||
| 008 | 070301e2007 xxk 000 0 eng d | ||
| 035 | _a(Sirsi) u136897 | ||
| 041 | 0 | _aeng | |
| 100 | 1 | _aPillow, Michael | |
| 110 | 2 |
_aSavills _92020 |
|
| 245 | 0 | 0 |
_aPMI report on commercial development activity _cFebruary 2007 _h[electronic resource] |
| 260 |
_aLondon _bSavills _c2007 |
||
| 520 | _aIndicates a slowdown of growth in total activity at the start of 2007. and a marked expansion of the UK commercial property sector for thirteen months, driven by slower growth in private sector development, and the first contraction of work on public sector projects for nineteen months. Notes that some commercial developers consider recent interest rate rises have contributed to a moderation of private sector activity growth in January. | ||
| 590 | _aKA | ||
| 651 | 4 |
_aUnited Kingdom _y |
|
| 690 | _aPROPERTY-COMMERCIAL PROPERTY-COMMERCIAL PROPERTY MARKET | ||
| 700 | 1 | _aOakley, Mat | |
| 856 | 4 | 0 |
_uhttps://www.savills.com/ _zView the item free of charge at www.savills.com... |
| 942 | _n0 | ||
| 999 |
_c78487 _d78487 |
||